000 00473nam a2200169Ia 4500
999 _c29166
_d29166
003 OSt
005 20210101101048.0
008 190216s9999||||xx |||||||||||||| ||und||
040 _coclc
082 _a510
_bSRE/K
100 _aSreedharan, Palliyara
_97438
245 0 _aKanakkukond Kalikkam /
_cPalliyara Sreedharan
260 _bSamayam Books,
_aKannur:
_c2006.
300 _a64p
650 _aKathakal
942 _cBK
_2ddc
_h510
_iSRE/K
_k510
_mSRE/K